[Event "Seefeld op 13th"]
[Site "Seefeld"]
[Date "2002.09.21"]
[Round "8"]
[White "Jacob, Matthaeus"]
[Black "Berger, Rolf"]
[Result "1-0"]
[WhiteElo "1826"]
[BlackElo "1721"]
[PlyCount "105"]
[EventDate "2002.09.14"]
[EventType "swiss"]
[EventRounds "9"]
[EventCountry "AUT"]
[SourceTitle "EXT 2007"]
[Source "ChessBase"]
[SourceDate "2006.11.23"]
[SourceVersion "1"]
[SourceVersionDate "2006.11.23"]
[SourceQuality "1"]

1. e4 b6 2. d4 Bb7 3. Nc3 e6 4. Nf3 Nf6 5. Bd3 c5 6. 0-0 c4 7. Bxc4 Nxe4 8. Nxe4 Bxe4 9. d5 Qc7 10. Bb3 Bd6 11. h3 Na6 12. Ng5 Bg6 13. dxe6 dxe6 14. Ba4+ Ke7 15. c3 Rad8 16. Qg4 Bf5 17. Qh4 f6 18. Nf3 g5 19. Nxg5 fxg5 20. Bxg5+ Kf7 21. Bxd8 Rxd8 22. Rfe1 Be7 23. Qh5+ Bg6 24. Qf3+ Bf6 25. Bb3 Nc5 26. Bc4 Kg7 27. Rad1 Rxd1 28. Rxd1 Qe5 29. Qa8 Qc7 30. Re1 Qd7 31. Qf3 b5 32. Bf1 a6 33. Qe3 Qd5 34. b3 e5 35. c4 bxc4 36. Bxc4 Qd4 37. Qe2 Bd3 38. Bxd3 Nxd3 39. Rd1 e4 40. Rd2 Qe5 41. Rc2 Nf4 42. Qxa6 Qg5 43. Qb7+ Kh6 44. Qxe4 Nxh3+ 45. Kf1 Nf4 46. Rc7 Bg7 47. Rc4 Ng6 48. a4 Qe5 49. Qxe5 Nxe5 50. Rc2 Kg6 51. a5 Nd3 52. a6 Bd4 53. Rd2 1-0

[Event "Seefeld op 13th"]
[Site "Seefeld"]
[Date "2002.09.20"]
[Round "7"]
[White "Berger, Rolf"]
[Black "Mueller, Georg"]
[Result "1/2-1/2"]
[WhiteElo "1721"]
[BlackElo "2021"]
[PlyCount "55"]
[EventDate "2002.09.14"]
[EventType "swiss"]
[EventRounds "9"]
[EventCountry "AUT"]
[SourceTitle "EXT 2007"]
[Source "ChessBase"]
[SourceDate "2006.11.23"]
[SourceVersion "1"]
[SourceVersionDate "2006.11.23"]
[SourceQuality "1"]

1. e4 e5 2. Nf3 Nc6 3. d4 exd4 4. Bc4 Bc5 5. c3 d3 6. Qxd3 d6 7. 0-0 Bg4 8. Bg5 Qd7 9. Nbd2 h6 10. Bh4 Nge7 11. b4 Bb6 12. a4 a5 13. Bb5 Ng6 14. Bg3 Bxf3 15. Nxf3 0-0 16. Nd4 axb4 17. Nxc6 bxc6 18. Bc4 bxc3 19. Qxc3 Rfe8 20. Qc2 h5 21. h3 h4 22. Bh2 Ra5 23. Kh1 Rc5 24. f3 Ne5 25. Bxe5 Rcxe5 26. Rfd1 Qe7 27. Bb3 d5 28. Qxc6 1/2-1/2

[Event "Seefeld op 13th"]
[Site "Seefeld"]
[Date "2002.09.17"]
[Round "4"]
[White "Mertens, Klaus"]
[Black "Berger, Rolf"]
[Result "1-0"]
[WhiteElo "2165"]
[BlackElo "1721"]
[PlyCount "119"]
[EventDate "2002.09.14"]
[EventType "swiss"]
[EventRounds "9"]
[EventCountry "AUT"]
[SourceTitle "EXT 2007"]
[Source "ChessBase"]
[SourceDate "2006.11.23"]
[SourceVersion "1"]
[SourceVersionDate "2006.11.23"]
[SourceQuality "1"]

1. Nf3 e6 2. g3 b6 3. Bg2 Bb7 4. b3 Nf6 5. Bb2 Be7 6. 0-0 Nc6 7. c4 0-0 8. d3 d5 9. Nbd2 Qd7 10. a3 Rad8 11. Qc2 h6 12. Rfd1 Nh7 13. e4 d4 14. e5 a5 15. Re1 Ng5 16. Nxg5 Bxg5 17. Nf3 Be7 18. Qe2 Bc5 19. Qe4 Ba8 20. Qg4 Ne7 21. Nh4 Bxg2 22. Kxg2 Nf5 23. Nf3 Be7 24. Bc1 c5 25. Bd2 Ra8 26. Qe4 g6 27. g4 Ng7 28. Bxh6 Kh7 29. Bxg7 Kxg7 30. a4 Rh8 31. Rh1 Raf8 32. g5 Bd8 33. h4 Rh7 34. Rh3 Rfh8 35. Rah1 Be7 36. Nd2 Qd8 37. Qg4 Rh5 38. f4 Qd7 39. Kf2 Qc7 40. Ne4 Qd8 41. Ng3 Qc8 42. Qf3 Bd8 43. Nxh5+ Rxh5 44. Re1 Be7 45. Kg3 Bf8 46. Rh2 Be7 47. f5 exf5 48. Qd5 Qe6 49. Ree2 Bf8 50. b4 axb4 51. Ra2 Be7 52. Qxe6 fxe6 53. a5 bxa5 54. Rxa5 Rh8 55. Ra7 Kf7 56. Rha2 Rb8 57. Rc7 b3 58. Raa7 b2 59. Rxe7+ Kf8 60. Rh7 1-0

[Event "Seefeld op 13th"]
[Site "Seefeld"]
[Date "2002.09.16"]
[Round "3"]
[White "Berger, Rolf"]
[Black "Ritz, Thomas"]
[Result "1/2-1/2"]
[WhiteElo "1721"]
[BlackElo "2145"]
[PlyCount "81"]
[EventDate "2002.09.14"]
[EventType "swiss"]
[EventRounds "9"]
[EventCountry "AUT"]
[SourceTitle "EXT 2007"]
[Source "ChessBase"]
[SourceDate "2006.11.23"]
[SourceVersion "1"]
[SourceVersionDate "2006.11.23"]
[SourceQuality "1"]

1. e4 c5 2. Nf3 e6 3. b3 d6 4. Bb2 e5 5. Nc3 g6 6. Bc4 Bg7 7. 0-0 Nf6 8. Ng5 0-0 9. f4 Nc6 10. Qe1 h6 11. fxe5 Nxe5 12. Nf3 Nxc4 13. bxc4 Nh5 14. Qe3 Be6 15. d3 b6 16. Rab1 Nf6 17. Nd5 Nxd5 18. cxd5 Bc8 19. c4 Ba6 20. Qf4 Qe7 21. Bxg7 Kxg7 22. e5 dxe5 23. Nxe5 Rae8 24. Ng4 g5 25. Qf6+ Qxf6 26. Nxf6 Re3 27. Rb3 Rd8 28. Ng4 Re2 29. Ra3 Bc8 30. Nf6 a5 31. Nh5+ Kg6 32. g4 Bxg4 33. Ng3 Rb2 34. Rf2 Rxf2 35. Kxf2 f5 36. Rb3 Rd6 37. Rb1 h5 38. Re1 h4 39. Nf1 f4 40. Nd2 Bf5 41. Ne4 1/2-1/2